| 000 | 00474nam a22001697a 4500 | ||
|---|---|---|---|
| 005 | 20251108165242.0 | ||
| 008 | 250721s1996 xx 000 0 ara d | ||
| 082 | 1 | 4 | _a613.25/راغ |
| 100 | 1 | _aموريس، راغدة | |
| 245 | 1 | 0 | _aأفضل طرق الريجيم / |
| 250 | _aط2 . ، طبعة جديدة و منقحة | ||
| 264 | 1 |
_aبيروت : _bعالم الكتب، _c1996. |
|
| 300 | _a166ص | ||
| 650 | 1 | 7 | _aالريجيم |
| 942 |
_2ddc _cBK |
||
| 999 |
_c23294 _d23294 |
||